000 00454nam a2200169Ia 4500
008 090201s9999 xx 000 0 und d
010 _aKPL-44074
040 _bमराठी
041 _aमराठी
082 _a29354
_b44074
100 _aशैलजा राजे
245 _aसौदा
_cशैलजा राजे
260 _c2004
_bवसंत
300 _a165
_bमोठा
600 _aसौदा
942 _cBOOK
999 _c227969
_d227969